banner-ar

مقدمة ابن خلدون : لعبدالرحمن بن خلدون المتوفى سنة 808 - 1406م / (Record no. 40435)

MARC details
000 -الفاتح
حقل البيانات ثابتة الطول 01236nam a2200289Ia 4500
005 - وقت وتاريخ اخر تعامل مع التسجيلة
رقم الضبط 20240530103534.0
008 - عناصر البيانات ثابتة الطول - معلومات عامة
حقل البيانات ثابتة الطول 140319s9999 xx 000 0 ara d
040 ## - مصدر الفهرسة
وكالة الفهرسة الأصلية GCL /
وكالة النسخ GCL
082 04 - رقم تصنيف ديوى العشرى
رقم التصنيف 301
رقم المادة خ م
100 1# - المدخل الرئيسى - إسم شخصى
الإسم الشخصى ابن خلدون ، ولى الدين ابوزيد عبدالرحمن بن محمد بن محمد بن محمد الاشبيلى
245 10 - بيان العنوان
العنوان مقدمة ابن خلدون : لعبدالرحمن بن خلدون المتوفى سنة 808 - 1406م /
بيان المسئوليه,etc ابن خلدون ، ولى الدين ابوزيد عبدالرحمن بن محمد بن محمد بن محمد الاشبيلى ؛ اختيار رضوان ابراهيم ؛ مراجعة احمد زكى
300 ## - الوصف المادى
التعداد 328 ص
490 ## - بيان السلسلة
عنوان السلسلة مختارات من تراثنا
رقم المجلد/ التعيين التسلسلي 0
650 04 - المدخل الاضافى بالموضوع-مصطلح موضوعى
مصطلح موضوعي الاسلام
650 04 - المدخل الاضافى بالموضوع-مصطلح موضوعى
مصطلح موضوعي الخلافة
650 04 - المدخل الاضافى بالموضوع-مصطلح موضوعى
مصطلح موضوعي الشريعة الاسلامية
650 04 - المدخل الاضافى بالموضوع-مصطلح موضوعى
مصطلح موضوعي البدو
650 04 - المدخل الاضافى بالموضوع-مصطلح موضوعى
مصطلح موضوعي الملوك والحكام
650 04 - المدخل الاضافى بالموضوع-مصطلح موضوعى
مصطلح موضوعي العلوم عند العرب
650 04 - المدخل الاضافى بالموضوع-مصطلح موضوعى
مصطلح موضوعي الجغرافيا البشرية
650 04 - المدخل الاضافى بالموضوع-مصطلح موضوعى
مصطلح موضوعي الاجتماع، علم
650 04 - المدخل الاضافى بالموضوع-مصطلح موضوعى
مصطلح موضوعي الشريعة
700 1# - المدخل الاضافى - اسم شخصى
الإسم الشخصى احمد زكى
الدور مراجع
700 1# - المدخل الاضافى - اسم شخصى
الإسم الشخصى رضوان ابراهيم
الدور اختيار
942 ## - عناصر المدخل الإضافي( كوها)
مصدر التصنيف او مخطط الترفيف Dewey Decimal Classification
Koha [default] item type كتاب
Holdings
حالة التراجع حالة الفقد حالة تلف ليس للاعارة المكان المؤقت الموقع الحالى تاريخ الاكتساب اجمالي اﻻعارات رقم الطلب الباركود تاريخ اخر مشاهدة تاريخ تفعيل السعر نوع وعاء كوها
        مكتبة القاهرة الكبرى مكتبة القاهرة الكبرى 03/26/2014   301\خ م 97967 03/26/2014 03/26/2014 كتاب

Powered By

EGPV